| 000 | 00442nam a2200181Ia 4500 | ||
|---|---|---|---|
| 008 | 230524s9999 xx 000 0 und d | ||
| 020 | _a0070472580 | ||
| 082 |
_a621.382 _bLEE |
||
| 100 | _aDonald P.Leech | ||
| 245 | 0 | _aDigital Principles and Applications | |
| 250 | _a* | ||
| 260 |
_aNEW DELHI _bTMH _c2005 |
||
| 300 | _aX;638 | ||
| 500 | _aQuantity Number: 2 | ||
| 650 | _aElectronics | ||
| 700 | _a Albert Paul Malvino | ||
| 942 | _cBK | ||
| 999 |
_c7854 _d7854 |
||